000 01438nam a22004457a 4500
003 OSt
005 20230712140544.0
008 221006b |||||||| |||| 00| 0 eng d
040 _cBiblioteca Lado V
082 _a700
_bL891r
100 _9898
_aLoup Pivin, Jean
_eeditor
245 _aRevue Noire/
_bAngola/
260 _c1998
_bRenoir Club
_aAfrica
300 _c33x23.5cm
_a96p.
490 _v1998
_a29
505 _aArts Plastiques
505 _aCity & Arquitecture
505 _aPhotographie
505 _aFashion
505 _aDesign
505 _aLiterature
505 _aMusique
505 _aCinema
505 _aTheatre & Dance
505 _aCulture marocaine
505 _aNews
650 _2Tesauro de Arte & Arquitectura
_aARTE AFRICANO CONTEMPORANEO
650 _2Tesauro de Arte & Arquitectura
_aDANZA
650 _2Tesauro de Arte & Arquitectura
_aARQUITECTURA
650 _2Tesauro de Arte & Arquitectura
_aDANZA
650 _2Tesauro de Arte & Arquitectura
_aFOTOGRAFIA
_9702
650 _2Tesauro de Arte & Arquitectura
_aTEATRO
650 _2Tesauro de Arte & Arquitectura
_aLITERATURA
650 _2Tesauro de Arte & Arquitectura
_aDISEÑO
650 _2Tesauro de Arte & Arquitectura
_aMODA
650 _2Tesauro de Arte & Arquitectura
_aNOTICIAS
651 _2Tesauro de Arte & Arquitectura
_aAFRICA
700 _aPeran, Marti
942 _2ddc
_c1
_h700
_iL891r
_n0
999 _c4048
_d4048